Vista normal
Vista MARC
Entrada Nombre Personal
Número de registros utilizados en: 1
001 - Número de Control
- control field: 44016
003 - Identificador de Número de Control
- control field: EC-QuCCB
005 - Fecha y Hora de la última transacción
- Campo de Control: 20251023162541.0
008 - Elementos de Datos de Longitud Fija
- fixed length control field: 251023|| aca||aabn | a|a d
040 ## - Origen de la Catalagación
- Agencia catalogadora original: EC-QuCCB
- Idioma de la catalogación: spa
100 1# - Asiento Principal--Nombre Personal
- Nombre personal :: Holling, Lucila,
400 0# - Trazado Véase Desde -- Nombre Personal
- Nombre Personal: Lucila Holling,
670 ## - Fuente de la Información Encontrada
- Fuente citada :: Kimo : un cuento de Hawai, 1941:
- Informacion encontrada :: Portada (Lucila Holling, ilustradora)























